El mundo judío en tiempos de Jesús: historia política
Gespeichert in:
| 1. Verfasser: | |
|---|---|
| Format: | Buch |
| Sprache: | Spanisch |
| Veröffentlicht: |
Madrid
Cristiandad
1982
|
| Schriftenreihe: | Introducción a la Lectura de la Biblia, 6
|
| Schlagworte: | |
| Tags: |
Tag hinzufügen
Keine Tags, Fügen Sie den ersten Tag hinzu!
|
MARC
| LEADER | 00000nam a2200000 a 4500 | ||
|---|---|---|---|
| 001 | UCL5089 | ||
| 003 | CL-VaPUC | ||
| 008 | 040305e19820000SP |||||||||||||||||spa|d | ||
| 020 | |a 8470573209 | ||
| 082 | 0 | 4 | |a 909.04924 |b AND |2 21 |
| 100 | 0 | |a André, Paul |e author |9 274 | |
| 245 | 1 | 3 | |a El mundo judío en tiempos de Jesús: historia política |
| 300 | |a 262 p | ||
| 942 | |c BK | ||
| 945 | |d 20040305 00:00:00 |a vberengu | ||
| 260 | |a Madrid |b Cristiandad |c 1982 | ||
| 650 | 7 | |a JUDIOS HISTORIA |2 CL-VaPUC |9 257429 | |
| 583 | |a last modification |c 20040305 00:00:00 |k Rodrigo Vera | ||
| 490 | 0 | |a Introducción a la Lectura de la Biblia, 6 | |
| 999 | |c 307759 |d 307757 | ||
| 952 | |0 0 |1 0 |4 0 |6 909_049240000000000_AND_1982 |7 0 |8 A |9 373868 |a BIBTEO |b BIBTEO |d 2019-11-21 |i 2103834 |o 909.04924 AND 1982 |p 2103834 |r 2025-01-17 |w 2019-11-21 |y BK |k ICR | ||